How to start word processing : (Record no. 133215)

MARC details
000 -LEADER
fixed length control field 00735nam a22002297a 4500
005 - DATE AND TIME OF LATEST TRANSACTION
control field 20170124110206.0
010 ## - LIBRARY OF CONGRESS CONTROL NUMBER
LC control number A-953380
020 ## - INTERNATIONAL STANDARD BOOK NUMBER
Terms of availability 00.00
International Standard Book Number 81722468
035 ## - SYSTEM CONTROL NUMBER
System control number A-953380
037 ## - SOURCE OF ACQUISITION
Source of stock number/acquisition Cen Lib/Ret
040 ## - CATALOGING SOURCE
Original cataloging agency DPL
Language of cataloging EN
082 ## - DEWEY DECIMAL CLASSIFICATION NUMBER
Classification number 004
Item number PHI
100 ## - MAIN ENTRY--PERSONAL NAME
Personal name Phillipson, Ian
9 (RLIN) 19804
245 ## - TITLE STATEMENT
Title How to start word processing :
Statement of responsibility, etc by Ian Phillipson
Remainder of title step-by-step guide for beginners /
260 ## - PUBLICATION, DISTRIBUTION, ETC. (IMPRINT)
Place of publication, distribution, etc Mumbai
Name of publisher, distributor, etc Jaico Publishing House
Date of publication, distribution, etc 1995
270 ## - ADDRESS
Address 121, M.G. Road
City Mumbai
Postal code 400004
300 ## - PHYSICAL DESCRIPTION
Extent 124p.
Dimensions 21cm(Hb)
500 ## - GENERAL NOTE
General note Includes bibliographical reference, glossary and index
650 ## - SUBJECT ADDED ENTRY--TOPICAL TERM
Topical term or geographic name as entry element Word processing
9 (RLIN) 37210
650 ## - SUBJECT ADDED ENTRY--TOPICAL TERM
Topical term or geographic name as entry element Developing Word processing
9 (RLIN) 37211
942 ## - ADDED ENTRY ELEMENTS (KOHA)
Source of classification or shelving scheme Dewey Decimal Classification
Koha item type English Books
Classification part 004
Call number suffix PHI
Holdings
Withdrawn status Lost status Damaged status Not for loan Home library Current library Date acquired Source of acquisition Cost, normal purchase price Total Checkouts Full call number Barcode Date last seen Copy number Cost, replacement price Price effective from Koha item type Public note
Written off       Central Library Central Library 25/07/2015 Cen Lib/Ret 0.00   004 PHI A-953380 25/07/2015 1 0.00 25/07/2015 English Books W/d list no. 6804/22

© Delhi Public Library
Hit Counter
free hit counter